Vuillard /
El presente libro es el catálogo de la exposición homónima, presentada sucesivamente en la National Gallery of Art, de Washington (enero-abril 2003), The Montreal Museum of Fine Arts (mayo-agosto 2003), las Galeries Nationales du Grand Palais, de París (septiembre 2003-enero 2004) y la Royal Academy...
Збережено в:
| Автор: | |
|---|---|
| Інші автори: | , , , |
| Формат: | Книга |
| Мова: | Англійська |
| Опубліковано: |
New Haven, EUA :
Yale University,
2003, c2003
|
| Предмети: | |
| Теги: |
Немає тегів, Будьте першим, хто поставить тег для цього запису!
|
MARC
| LEADER | 00000nam^a2200000^a^4500 | ||
|---|---|---|---|
| 001 | 000272577 | ||
| 005 | 20250521000000.0 | ||
| 008 | 080227 20032003 | ||
| 009 | 20260310111103.955 | ||
| 020 | |a 2-89192-260-3 | ||
| 037 | |a Acervo ITESO - Biblioteca | ||
| 041 | |a ING | ||
| 082 | |a 759. 4 |b VUI COG | ||
| 100 | |a Vuillard, Jean-Edouard |e (autor) | ||
| 245 | 1 | 0 | |a Vuillard / |c J.E. Vuillard ; curaduría e introd. de G. Cogeval ; texto de K. Jones, L. des Cars, M.A. Stevens. |
| 264 | 4 | |a New Haven, EUA : |b Yale University, |c 2003, c2003 | |
| 300 | |a XVIII, 501 p. | ||
| 336 | |a texto |b txt |2 rdacontenido | ||
| 337 | |a sin mediación |b n |2 rdamedio | ||
| 338 | |a volumen |b nc |2 rdasoporte | ||
| 520 | |a El presente libro es el catálogo de la exposición homónima, presentada sucesivamente en la National Gallery of Art, de Washington (enero-abril 2003), The Montreal Museum of Fine Arts (mayo-agosto 2003), las Galeries Nationales du Grand Palais, de París (septiembre 2003-enero 2004) y la Royal Academy of Arts, de Londres (enero-abril de 2004). | ||
| 545 | 0 | |a Nacido en Saon y Loir en 1868 y muerto en La Baule en 1940, el francés Jean-Edouard Vuillard es ampliamente conocido por sus propuestas innovadoras y experimentales dentro del grupo de los nabís, principalmente durante la década de 1890. Formado inicialmente en la Escuela de Bellas Artes de París y luego en el taller de Diógenes Maillart, Vuillard es, sin embargo, un artista muy completo, valorado también por sus escenografías teatrales y sus decorados murales que lo vincularon en sentido profundo con las vanguardias de fines de un siglo e inicios del otro. Es poseedor de una paleta de colores suaves y difuminados, cuya belleza se manifiesta asimismo en los paisajes luminosos y los delicados retratos de sus años finales. | |
| 649 | |a XX | ||
| 650 | |a Pintores Franceses | ||
| 650 | |a Artistas Franceses | ||
| 650 | |a Museos y Galerías - |x Exposiciones - |x Catálogos | ||
| 650 | |a Nabis - |x Historia y Crítica | ||
| 650 | |a Postimpresionismo - |x Historia y Crítica | ||
| 650 | |a Pintura Moderna - |x Historia y Crítica | ||
| 650 | |a Pintura Francesa - |x Historia y Crítica | ||
| 650 | |a Pintura Francesa - |x Exposiciones | ||
| 650 | |a Fotografía Francesa - |x Historia y Crítica | ||
| 650 | |a Fotografía Francesa - |x Exposiciones | ||
| 650 | |a Arte Moderno - |x Historia y Crítica | ||
| 650 | |a Arte Francés - |x Historia y Crítica | ||
| 650 | |a Arte Francés - |x Exposiciones | ||
| 650 | |a Vuillard, Jean-Edouard - |x Tema Principal | ||
| 700 | |a Cogeval, Guy |e (curaduría e introducción) | ||
| 700 | |a Jones, Kimberly |e (texto) | ||
| 700 | |a Cars, Laurence des |e (texto) | ||
| 700 | |a Stevens, Mary Anne |e (texto) | ||
| 910 | |a Fondo General | ||
| 920 | |a Impresos - Libros | ||
| 930 | |a Reserva Especial | ||
| 905 | |a 103 | ||
| 901 | |a 0500158303 |b IT1 |c REE |u 20250521 | ||
| 902 | |a https://opac.biblio.iteso.mx/vufind/Record/000272577 | ||